| 000 | 01134nam a22002537a 4500 | ||
|---|---|---|---|
| 003 | OSt | ||
| 005 | 20251004132410.0 | ||
| 008 | 240404b ||||| |||| 00| 0 eng d | ||
| 040 | _c0 | ||
| 082 | _aDPer 621.381 Ie21 October 2022 v. 37 n. 10 | ||
| 100 |
_aZhang, Desheng. _eauthor. _956101 |
||
| 245 |
_aHarmonic weighting and target function design strategy to minimize switch voltage stress of class ∮₂ inverter / _cDesheng Zhang, Liangliang Lu, Qiaoling Tong, Qiao Zhang, Run Min, Han Peng, and Xuecheng Zou. |
||
| 260 |
_aNew York ; _bThe Institute of Electrical and Electronics Engineers, Inc. , _cOctober 2022. |
||
| 300 |
_aVolume 37, pages 12289-12300 : _billustration ; _c28 cm. |
||
| 500 | _aIEEE Transactions on Power Electronics, v. 37, n. 10, pages 12289-12300, October 2022. | ||
| 700 |
_aZhang, Desheng. _eauthor. _956101 |
||
| 700 |
_aLu, Liangliang. _eauthor. _956102 |
||
| 700 |
_aTong, Qiaoling. _eauthor. _956103 |
||
| 700 |
_aZhang, Qiao. _eauthor. _956104 |
||
| 700 |
_aMin, Run. _eauthor. _956105 |
||
| 700 |
_aPeng, Han. _eauthor. _956106 |
||
| 700 |
_aZou, Xuecheng. _eauthor. _956107 |
||
| 942 |
_2ddc _cPER |
||
| 999 |
_c20026 _d20026 |
||